[Event "Balabanovo Winter Rating"]
[Site "Balabanovo"]
[Date "2012.12.15"]
[Round "5"]
[White "Zajtzeva, Viktoria1111"]
[Black "Vystavkin, Aleksandr"]
[Result "1-0"]
[WhiteElo "1782"]
[BlackElo "1995"]
[PlyCount "121"]
[EventDate "2012.12.08"]
[EventType "tourn"]
[EventRounds "11"]
[EventCountry "RUS"]
[SourceTitle "EXT 2023"]
[Source "ChessBase"]
[SourceDate "2022.10.05"]
[SourceVersion "1"]
[SourceVersionDate "2022.10.05"]
[SourceQuality "1"]

1. Nf3 g6 2. g3 Bg7 3. Bg2 e5 4. d3 d5 5. 0-0 Ne7 6. Nbd2 0-0 7. c3 Nbc6 8. Qc2 Rb8 9. e4 f6 10. Re1 Be6 11. Nf1 dxe4 12. dxe4 Nc8 13. Ne3 N6e7 14. b3 c6 15. Ba3 Qc7 16. Rad1 c5 17. h4 h5 18. Kh2 Nd6 19. Bf1 b5 20. Bh3 Bxh3 21. Kxh3 a5 22. Nd5 Nxd5 23. Rxd5 Nb7 24. Red1 Rbd8 25. Qd2 b4 26. Bb2 Qc8+ 27. Kg2 Qg4 28. Qe3 Kh7 29. Qe1 Qe6 30. R1d3 Qe7 31. Qd1 Rxd5 32. Rxd5 Rd8 33. Qd3 Rxd5 34. Qxd5 Nd8 35. Nd2 f5 36. Nc4 Nf7 37. Nxa5 fxe4 38. Nb7 e3 39. fxe3 e4 40. Nxc5 bxc3 41. Bc1 Nd6 42. a4 c2 43. Qd2 Qf6 44. Qxc2 Qf3+ 45. Kh2 Be5 46. Qg2 Qg4 47. Qh3 Qe2+ 48. Qg2 Qd1 49. Bb2 Qd5 50. Bxe5 Qxe5 51. b4 Nf5 52. Qf2 Nxh4 53. Qf7+ Kh6 54. Qf4+ Qxf4 55. exf4 Nf3+ 56. Kg2 Nd2 57. Kf2 g5 58. fxg5+ Kxg5 59. a5 Kg4 60. a6 Nc4 61. Nxe4 1-0

[Event "Obninsk"]
[Site "Obninsk"]
[Date "2012.??.??"]
[Round "9"]
[White "Dubov, Alexandr"]
[Black "Vystavkin, Aleksandr"]
[Result "1-0"]
[WhiteElo "2142"]
[BlackElo "2055"]
[PlyCount "63"]
[EventDate "2012.01.11"]
[EventType "tourn"]
[EventRounds "11"]
[EventCountry "RUS"]
[SourceTitle "EXT 2014"]
[Source "ChessBase"]
[SourceDate "2013.11.20"]
[SourceVersion "1"]
[SourceVersionDate "2013.11.20"]
[SourceQuality "1"]

1. d4 Nf6 2. Nf3 g6 3. g3 Bg7 4. Bg2 d6 5. 0-0 0-0 6. c4 c5 7. dxc5 dxc5 8. Nc3 Nc6 9. Bf4 Be6 10. Ne5 Rc8 11. Nxc6 bxc6 12. b3 Nh5 13. Bd2 Qc7 14. Rc1 Rfd8 15. Na4 Bh6 16. e3 Bg4 17. Qe1 Qd6 18. Ba5 Re8 19. h3 Be6 20. Rd1 Qe5 21. Bc3 Qc7 22. Nxc5 Ng7 23. f4 f6 24. g4 g5 25. f5 Bf7 26. Rd7 Qb8 27. Qd2 Red8 28. Rd1 Rxd7 29. Qxd7 Qc7 30. Qxc7 Rxc7 31. Rd8+ Be8 32. Ba5 1-0

[Event "Obninsk"]
[Site "Obninsk"]
[Date "2012.??.??"]
[Round "6"]
[White "Vystavkin, Aleksandr"]
[Black "Smirnov, Egor"]
[Result "1/2-1/2"]
[WhiteElo "2055"]
[BlackElo "1877"]
[PlyCount "108"]
[EventDate "2012.01.11"]
[EventType "tourn"]
[EventRounds "11"]
[EventCountry "RUS"]
[SourceTitle "EXT 2014"]
[Source "ChessBase"]
[SourceDate "2013.11.20"]
[SourceVersion "1"]
[SourceVersionDate "2013.11.20"]
[SourceQuality "1"]

1. c4 e5 2. Nc3 Nf6 3. Nf3 Nc6 4. a3 d6 5. d4 exd4 6. Nxd4 Ne5 7. e4 g6 8. Be2 Bg7 9. h3 0-0 10. Bg5 Be6 11. Nxe6 fxe6 12. 0-0 Qd7 13. Qd2 Qc6 14. Rac1 Nxe4 15. Nxe4 Qxe4 16. Rfe1 Qf5 17. f4 Nf7 18. Bh4 e5 19. Bg4 Qxf4 20. Qxf4 exf4 21. Re7 Bxb2 22. Rce1 Bd4+ 23. Kf1 g5 24. Bf2 Bxf2 25. Kxf2 Ne5 26. Be6+ Kh8 27. Rb1 Rae8 28. Rxc7 Rxe6 29. Rbxb7 Rh6 30. Rxa7 Kg8 31. Rg7+ Kh8 32. Rgc7 g4 33. hxg4 Nxg4+ 34. Kf3 Ne5+ 35. Ke4 Ng6 36. a4 Re8+ 37. Kd4 Nf8 38. Rf7 Rh4 39. Kd5 Rd8 40. a5 Rh5+ 41. Ke4 Rc5 42. Kd4 Rdc8 43. a6 Rxc4+ 44. Kd5 R4c5+ 45. Ke4 d5+ 46. Kxf4 d4 47. Ke4 Rd8 48. Kd3 Rc3+ 49. Kd2 Rg3 50. Rab7 Rxg2+ 51. Kd3 Ra2 52. a7 Ra8 53. Kxd4 Ne6+ 54. Kd5 Nf8 1/2-1/2